Current trends in higher education
Definícia špecifického charakteru vysokoškolského vzdelávania z pohľadu ekonómie. Analýza situácie v systéme vysokoškolského vzdelávania na Slovensku a formulácia vhodných odporúčaní s cieľom reformovať ho tak, aby čo najlepšie prispieval k dynamickému rozvoju vedomostnej spoločnosti.
Uložené v:
| Hlavný autor: | |
|---|---|
| Médium: | Kapitola |
| Jazyk: | English |
| Predmet: | |
| Tagy: |
Žiadne tagy, Buďte prvý, kto otaguje tento záznam!
|
MARC
| LEADER | 00000naa$a2200000$$$4500 | ||
|---|---|---|---|
| 001 | 0068987 | ||
| 005 | 20240502071832.1 | ||
| 041 | 0 | |a eng | |
| 044 | |a SK | ||
| 245 | 1 | 0 | |a Current trends in higher education |c Anetta Čaplánová |
| 520 | |a Definícia špecifického charakteru vysokoškolského vzdelávania z pohľadu ekonómie. Analýza situácie v systéme vysokoškolského vzdelávania na Slovensku a formulácia vhodných odporúčaní s cieľom reformovať ho tak, aby čo najlepšie prispieval k dynamickému rozvoju vedomostnej spoločnosti. | ||
| 610 | 2 | 0 | |a vzdelávanie vysokoškolské |
| 610 | 2 | 0 | |a Slovensko |
| 610 | 2 | 0 | |a analýza ekonomická |
| 610 | 2 | 0 | |a ekonomika vedomostná |
| 100 | 1 | |a Čaplánová, Anetta, 1967- | |